Kvantitativní a kvalitativní výzkum a jak je využít
Voľba výskumnej metodiky a rozdiely medzi kvantitatívnym a kvalitatívnym výskumom. Kvantitatívny prístup k výskumu komerčnej komunikácie. Využívanie sociologických a psychologických nástrojov ako aj matematických a štatistických prostriedkov. Metódy využívané pre popis jednotlivých javov: 1. Klasifi...
Salvato in:
| Autore principale: | |
|---|---|
| Altri autori: | |
| Natura: | Capitolo di libro |
| Lingua: | ceco |
| Soggetti: | |
| Tags: |
Nessun Tag, puoi essere il primo ad aggiungerne!!
|
MARC
| LEADER | 00000naa$a2200000$$$4500 | ||
|---|---|---|---|
| 001 | 0038916 | ||
| 005 | 20231018125849.3 | ||
| 041 | 0 | |a cze | |
| 044 | |a CZ | ||
| 245 | 1 | 0 | |a Kvantitativní a kvalitativní výzkum a jak je využít |c Jitka Vysekalová, Jan Herzmann |
| 520 | |a Voľba výskumnej metodiky a rozdiely medzi kvantitatívnym a kvalitatívnym výskumom. Kvantitatívny prístup k výskumu komerčnej komunikácie. Využívanie sociologických a psychologických nástrojov ako aj matematických a štatistických prostriedkov. Metódy využívané pre popis jednotlivých javov: 1. Klasifikácia 2. Meranie 3. Škálovanie 4.Odhady 5. Porovnávanie 6. Testovanie hypotéz | ||
| 610 | 2 | 0 | |a výskum |
| 610 | 2 | 0 | |a metódy výskumu |
| 610 | 2 | 0 | |a marketing |
| 610 | 2 | 0 | |a obchod |
| 610 | 2 | 0 | |a komunikácia |
| 610 | 2 | 0 | |a štatistika |
| 610 | 2 | 0 | |a matematika |
| 610 | 2 | 0 | |a tovar |
| 610 | 2 | 0 | |a značky výrobkov |
| 610 | 2 | 0 | |a spotrebitelia |
| 100 | 1 | |a Vysekalová, Jitka | |
| 700 | 1 | |a Herzmann, Jan | |